Cities limited (Record no. 107933)

MARC details
000 -LEADER
fixed length control field 01393cad a22002415a 4500
001 - CONTROL NUMBER
control field L142677
008 - FIXED-LENGTH DATA ELEMENTS--GENERAL INFORMATION
fixed length control field 080227s2007 xxk f 000 0 eng d
022 1# - INTERNATIONAL STANDARD SERIAL NUMBER
International Standard Serial Number 9781906097097
035 ## - SYSTEM CONTROL NUMBER
System control number (Sirsi) u142677
041 0# - LANGUAGE CODE
Language code of text/sound track or separate title eng
100 1# - MAIN ENTRY--PERSONAL NAME
Personal name Leunig, Tim
245 00 - TITLE STATEMENT
Title Cities limited
Medium [electronic resource]
260 ## - PUBLICATION, DISTRIBUTION, ETC.
Place of publication, distribution, etc. London
Name of publisher, distributor, etc. Policy Exchange
Date of publication, distribution, etc. 2007
520 ## - SUMMARY, ETC.
Summary, etc. Considers whether the policy of urban regeneration has made any progress in improving the situation in Britain's declining urban centres. Concludes that no significant change has been achieved. Assesses 18 towns and cities on a range of outcome measures including gross value added, personal incomes and unemployment levels. Finds that the towns supposedly benefiting from urban regeneration policies and funding performed poorly compared to the national average. Trends across the nation have continued unchecked based on these assessments. The situation may even be consolidating as the young and mobile population leaves areas which most need regeneration.
521 2# - TARGET AUDIENCE NOTE
Target audience note Advanced
590 ## - LOCAL NOTE (RLIN)
Local note KA
651 #4 - SUBJECT ADDED ENTRY--GEOGRAPHIC NAME
Geographic name United Kingdom
Chronological subdivision
690 ## - LOCAL SUBJECT ADDED ENTRY--TOPICAL TERM (OCLC, RLIN)
Topical term or geographic name as entry element PROPERTY-PROPERTY MANAGEMENT-REGENERATION
700 1# - ADDED ENTRY--PERSONAL NAME
Personal name Swaffield, James
700 1# - ADDED ENTRY--PERSONAL NAME
Personal name Hartwich, Oliver Marc
Relator term Editor
856 40 - ELECTRONIC LOCATION AND ACCESS
Uniform Resource Identifier <a href="https://www.localis.org.uk/images/articles/07_Cities%20Limited.PDF">https://www.localis.org.uk/images/articles/07_Cities%20Limited.PDF</a>
Public note View the item free of charge at www.policyexchange.org.uk...
942 ## - ADDED ENTRY ELEMENTS (KOHA)
Suppress in OPAC 0
Holdings
Withdrawn status Lost status Source of classification or shelving scheme Damaged status Not for loan Home library Current library Shelving location Date acquired Total Checkouts Full call number Barcode Date last seen Copy number Price effective from Koha item type
    Dewey Decimal Classification     Virtual Virtual Online 27/02/2008   ONLINE PUBLICATION 142677-1001 06/08/2019 1 06/08/2019 Book